000 006640000a22002050004500
090 _aAR
_b01871
245 1 0 _aPrimate fauna from the Miocene la venta, in the Tatacoa desert, department of Huila, Colombia
650 1 4 _aPrimates
_992938
650 1 4 _aPaleontologĂ­a
_96983
650 1 4 _aFosiles
_995335
650 1 4 _aMioceno medio
_995336
651 4 _lDesierto de La Tatacoa
_dHuila
_pColombia
_992749
041 0 _aInglés
700 1 _aShigehara, Nobuo
_995337
700 1 _aRosenberger, Alfred L.
_995338
700 1 _aCadena G., Alberto
_96445
100 1 _aSetoguchi, Takeshi
_995339
942 _cARTICULO
773 1 _tCaldasia
_345
_h71-75
_q761-780
_d1986
_g15
999 _c10948
_d10948